Haus des Geldes - Städtenamen - Statistiken

Allgemein
  • Dieses Quiz wurde 1.098 mal gespielt
    971 seit der letzten Aktualisierung
  • Das Durchschnittsergebnis liegt bei 10 aus 16
Antwortstatistiken
Antwort % Korrekt
Berlin
95%
Tokio
95%
Helsinki
87%
Rio
85%
Oslo
81%
Stockholm
81%
Nairobi
79%
Denver
78%
Moskau
77%
Lissabon
68%
Palermo
55%
Bogota
45%
Marseille
42%
Manila
34%
Pamplona
13%
Cincinnati
11%
Keine übereinstimmenden Quizze gefunden
Verteilung der Resultate
Anzahl Personen mit jedem Resultat
Perzentil nach korrekt beantworteten Fragen
Ihre Resultats-Entwicklung
Sie haben dieses Quiz seit der letzten Aktualisierung nicht gespielt